LIBRARY & INFORMATION CENTRE, KCAET, TAVANUR

ONLINE PUBLIC ACCESS CATALOGUE (OPAC)

Introduction to Geographic information technology (Record no. 13656)

MARC details
000 -LEADER
fixed length control field 00409nam a22001457a 4500
020 ## - INTERNATIONAL STANDARD BOOK NUMBER
ISBN 9788188237661
082 ## - DEWEY DECIMAL CLASSIFICATION NUMBER
Classification number 550.066
Item number CHO/IN
100 ## - MAIN ENTRY--AUTHOR NAME
Personal name Choudhury, Sujit
245 ## - TITLE STATEMENT
Title Introduction to Geographic information technology
260 ## - PUBLICATION, DISTRIBUTION, ETC. (IMPRINT)
Place of publication New Delhi
Name of publisher I.K International Publishing House Pvt. Ltd.
Year of publication 2011
300 ## - PHYSICAL DESCRIPTION
Number of Pages 276
700 ## - ADDED ENTRY--PERSONAL NAME
Personal name Chakrabarti, Deepankar
700 ## - ADDED ENTRY--PERSONAL NAME
Personal name Choudhury, Suchandra
942 ## - ADDED ENTRY ELEMENTS (KOHA)
Koha item type Books
Holdings
Withdrawn status Lost status Damaged status Collection code Home library Current library Shelving location Date acquired Source of acquisition Cost, normal purchase price Full call number Accession Number Koha item type
      Non-fiction KAUAET KAUAET General Stacks 31/03/2012 Cosmo Books, Calicut 225.00 550.066 CHO/IN 22285 Books
free website counter